Statistics for Top 10 QBs of All Time

Click here to take the quiz!

General Stats

  • This quiz has been taken 140 times
  • The average score is 7 of 10

Answer Stats

Quarterback% Correct
Tom Brady
98%
Joe Montana
89%
Peyton Manning
89%
Brett Favre
79%
Drew Brees
74%
Steve Young
74%
Dan Marino
71%
John Elway
70%
Johnny Unitas
53%
Troy Aikman
53%

Score Distribution

Percentile by Number Answered

Percent of People with Each Score

Your Score History

You have not taken this quiz